000 01029nam a2200241Ia 4500
999 _c34951
_d34951
001 780
003 GE_BSU
005 20241003161024.0
008 181216s2005||||ge |||||||||||||| ||geo||
020 _a9994002775
040 _cGE_BSU
041 _ageo
080 _a005.35/96(075.8) პ-28
245 _aპერსონალის მართვა :
_bმეთოდურ-პრაქტიკული სახელმძღვანელო /
_c [ავტ. კოლ.: ვაჟა გურგენიძე (ხელმძღვ.) და სხვ.].
264 _aთბილისი,
_c2005.
300 _a551 გვ.
_bსქემ. ;
_c24 სმ.
541 _h25 ლ.
653 _aდროის მართვის პრინციპები
653 _aპერსონალის ატესტირება
653 _aპერსონალის მართვა;
700 _aგურგენიძე, ვაჟა
_eავტორი
_923311
942 _cBK
_2udc